Bilecik Bilecik Bilecik Bilecik Bilecik

Çocuk eğitimi el kitabı/ (Record no. 73145)

MARC details
000 -BAŞLIK
Sabit Uzunluktaki Kontrol Alanı 00936nam a22003377a 4500
001 - KONTROL NUMARASI
Control Dosyası 0072394
003 - KONTROL NUMARASI KİMLİĞİ
Kontrol Alanı KOHA_MİRAKIL
005 - EN SON İŞLEM TARİHİ ve ZAMANI
Kontrol Alanı 20260207005053.0
007 - FİZİKSEL TANIM SABİT ALAN - GENEL BİLGİ
Sabit uzunluklu kontrol alanı ta
008 - SABİT UZUNLUKTAKİ VERİ ÖGELERİ - GENEL BİLGİ
Sabit Alan 241205b1997 tu |||gr||||#0|||0|tur |
020 ## - ISBN - ULUSLARARASI STANDART KİTAP NUMARASI
Isbn 9751405149
040 ## - KATALOGLAMA KAYNAĞI
Özgün Kataloglama Kurumu TR-BiSEU
Kataloglama Dili tur
Çeviri Kurumu TR-BiSEU
Açıklama Kuralları rda
041 0# - DİL KODU
Metin ya da ses kaydının dil kodu tur
044 ## - YAYINLAYAN/ÜRETEN KURULUŞUN ÜLKE KODU
ISO country code tu
050 ## - SINIFLAMA ve YER NUMARASI
Sınıflama Numarası HQ769
Yer Numarası .Y38 1997
100 1# - KİŞİ ADI
Yazar Adı (Kişi adı) Yavuzer, Haluk.
245 1# - ESER ADI BİLDİRİMİ
Başlık Çocuk eğitimi el kitabı/
Sorumluluk Bildirimi Haluk Yavuzer ; Haluk Yavuzer.
250 ## - BASIM BİLDİRİMİ
Basım Bildirimi 4. Basım
264 #1 - ÜRERİM, YAYIN, DAĞITIM ve TELİF BİLDİRİMİ
Yayın yeri İstanbul :
Yayınlayan Remzi Kitabevi
Yayın tarihi 1997
300 ## - FİZİKSEL TANIMLAMA
Sayfa, Cilt vb. 176 page: resimli; 23 cm.
336 ## - İÇERİK TÜRÜ
Content type term metin
Content type code txt
Source rdacontent
337 ## - MEDYA TÜRÜ
Media type term aracısız
Media type code n
Source rdamedia
338 ## - TAŞIYICI TÜRÜ
Carrier type term cilt
Carrier type code nc
Source rdacarrier
500 ## - GENEL NOT
Genel Not Kaynakça var.
650 #0 - KONU BAŞLIĞI EK GİRİŞ - KONU TERİMİ
Konusal terim veya coğrafi ad Çocuk yetiştirme.
9 (RLIN) 12907
650 #0 - KONU BAŞLIĞI EK GİRİŞ - KONU TERİMİ
Konusal terim veya coğrafi ad Çocuk psikolojisi.
9 (RLIN) 15487
650 #0 - KONU BAŞLIĞI EK GİRİŞ - KONU TERİMİ
Konusal terim veya coğrafi ad Child rearing.
9 (RLIN) 35235
650 #0 - KONU BAŞLIĞI EK GİRİŞ - KONU TERİMİ
Konusal terim veya coğrafi ad Child psychology.
9 (RLIN) 15488
907 ## - LOCAL DATA ELEMENT G, LDG (RLIN)
a Eğitim
942 ## - EK GİRİŞ ÖGELERİ (KOHA)
Source of classification or shelving scheme Library of Congress Classification
Koha item type Book
Holdings
Materyal Türü Kalıcı Konum Mevcut Konum Sınıflandırma Kaynağı Edinim Bilgisi Ana Konular Alt Konular Yer Numarası Demirbaş Numarası Fatura Tarihi Geri Çekilme Durumu Kayıp Durumu Hasarlı Durumu Kredi için değil Kayıt Tarih Toplam Ödünçverme Son Görülme Tarihi Son Kontrol Tarihi Genel / Bağış Notu
Book BŞEÜ Osmaneli MYO Kütüphanesi BŞEÜ Osmaneli MYO Kütüphanesi Library of Congress Classification Bağış SOSYAL BİLİMLER Aile, Evlilik, Kadınlar HQ769 .Y38 1997 0072394 02/02/2026         05/12/2024   18/03/2025 18/03/2025 Mustafa Çakır, Akademisyen